<?xml version="1.0" encoding="UTF-8"?>
<record
    xmlns:xsi="http://www.w3.org/2001/XMLSchema-instance"
    xsi:schemaLocation="http://www.loc.gov/MARC21/slim http://www.loc.gov/standards/marcxml/schema/MARC21slim.xsd"
    xmlns="http://www.loc.gov/MARC21/slim">

  <leader>01099cam a2200253 i 4500</leader>
  <controlfield tag="003">SA-RiAUC</controlfield>
  <controlfield tag="005">20250805064615.0</controlfield>
  <controlfield tag="008">250802s1980    ii     g      000 0bara c</controlfield>
  <datafield tag="040" ind1=" " ind2=" ">
    <subfield code="a">JO-AmJU</subfield>
    <subfield code="b">ara</subfield>
    <subfield code="c">SA-RiAUC</subfield>
    <subfield code="e">rda</subfield>
  </datafield>
  <datafield tag="082" ind1="0" ind2="4">
    <subfield code="a">239</subfield>
  </datafield>
  <datafield tag="090" ind1=" " ind2=" ">
    <subfield code="a">239</subfield>
    <subfield code="b">&#x646; &#x62F; &#x648;</subfield>
  </datafield>
  <datafield tag="100" ind1="1" ind2=" ">
    <subfield code="a">&#x627;&#x644;&#x646;&#x62F;&#x648;&#x64A;&#x60C; &#x639;&#x644;&#x64A; &#x627;&#x644;&#x62D;&#x633;&#x646;&#x64A;&#x60C;</subfield>
    <subfield code="d">1913-1999</subfield>
    <subfield code="e">&#x645;&#x624;&#x644;&#x641;.</subfield>
  </datafield>
  <datafield tag="245" ind1="1" ind2="0">
    <subfield code="a">&#x641;&#x636;&#x644; &#x627;&#x644;&#x628;&#x639;&#x62B;&#x629; &#x627;&#x644;&#x645;&#x62D;&#x645;&#x62F;&#x64A;&#x629; &#x639;&#x644;&#x649; &#x627;&#x644;&#x625;&#x646;&#x633;&#x627;&#x646;&#x64A;&#x629; &#x648;&#x645;&#x646;&#x62D;&#x647;&#x627; &#x627;&#x644;&#x639;&#x627;&#x644;&#x645;&#x64A;&#x629; &#x627;&#x644;&#x62E;&#x627;&#x644;&#x62F;&#x629; /</subfield>
    <subfield code="c">&#x623;&#x628;&#x648; &#x627;&#x644;&#x62D;&#x633;&#x646; &#x639;&#x644;&#x64A; &#x627;&#x644;&#x62D;&#x633;&#x646;&#x64A; &#x627;&#x644;&#x646;&#x62F;&#x648;&#x64A;.</subfield>
  </datafield>
  <datafield tag="264" ind1=" " ind2="1">
    <subfield code="a">&#x644;&#x643;&#x647;&#x646;&#x624;&#x60C; &#x627;&#x644;&#x647;&#x646;&#x62F; :</subfield>
    <subfield code="b">&#x627;&#x644;&#x645;&#x62C;&#x644;&#x633; &#x627;&#x644;&#x625;&#x633;&#x644;&#x627;&#x645;&#x64A; &#x627;&#x644;&#x639;&#x644;&#x645;&#x64A;&#x60C;</subfield>
    <subfield code="c">1980</subfield>
  </datafield>
  <datafield tag="300" ind1=" " ind2=" ">
    <subfield code="a">45 &#x635;&#x641;&#x62D;&#x629;.&#x61B;</subfield>
    <subfield code="c">22 &#x633;&#x645;.</subfield>
  </datafield>
  <datafield tag="336" ind1=" " ind2=" ">
    <subfield code="a">&#x646;&#x635;</subfield>
    <subfield code="b">txt</subfield>
    <subfield code="2">rdacontent</subfield>
    <subfield code="3">&#x643;&#x62A;&#x627;&#x628;</subfield>
  </datafield>
  <datafield tag="337" ind1=" " ind2=" ">
    <subfield code="a">&#x628;&#x62F;&#x648;&#x646; &#x648;&#x633;&#x64A;&#x637;</subfield>
    <subfield code="b">n</subfield>
    <subfield code="2">rdamedia</subfield>
  </datafield>
  <datafield tag="338" ind1=" " ind2=" ">
    <subfield code="a">&#x645;&#x62C;&#x644;&#x62F;</subfield>
    <subfield code="b">nc</subfield>
    <subfield code="2">rdacarrier</subfield>
  </datafield>
  <datafield tag="490" ind1="0" ind2=" ">
    <subfield code="a">&#x645;&#x637;&#x628;&#x648;&#x639;&#x627;&#x62A; &#x627;&#x644;&#x645;&#x62C;&#x644;&#x633; &#x627;&#x644;&#x625;&#x633;&#x644;&#x627;&#x645;&#x64A; &#x627;&#x644;&#x639;&#x644;&#x645;&#x64A; &#x61B;</subfield>
    <subfield code="v">139</subfield>
  </datafield>
  <datafield tag="600" ind1="0" ind2="7">
    <subfield code="a">&#x645;&#x62D;&#x645;&#x62F; (&#x635;&#x644;&#x649; &#x627;&#x644;&#x644;&#x647; &#x639;&#x644;&#x64A;&#x647; &#x648;&#x633;&#x644;&#x645;)&#x60C;</subfield>
    <subfield code="d">53 &#x642;&#x628;&#x644; &#x627;&#x644;&#x647;&#x62C;&#x631;&#x629;-11 &#x647;&#x62C;&#x631;&#x64A;</subfield>
    <subfield code="2">aucnm</subfield>
  </datafield>
  <datafield tag="650" ind1=" " ind2="7">
    <subfield code="a">&#x627;&#x644;&#x633;&#x64A;&#x631;&#x629; &#x627;&#x644;&#x646;&#x628;&#x648;&#x64A;&#x629;</subfield>
    <subfield code="2">aucsh</subfield>
  </datafield>
  <datafield tag="942" ind1=" " ind2=" ">
    <subfield code="2">ddc</subfield>
    <subfield code="c">BOOK</subfield>
    <subfield code="n">0</subfield>
  </datafield>
  <datafield tag="949" ind1=" " ind2=" ">
    <subfield code="a">SA-JeALM</subfield>
    <subfield code="d">250802</subfield>
    <subfield code="u">mohamedma123</subfield>
    <subfield code="n">1</subfield>
  </datafield>
  <datafield tag="952" ind1=" " ind2=" ">
    <subfield code="0">0</subfield>
    <subfield code="1">0</subfield>
    <subfield code="2">ddc</subfield>
    <subfield code="4">0</subfield>
    <subfield code="7">0</subfield>
    <subfield code="a">WAHAB</subfield>
    <subfield code="b">WAHAB</subfield>
    <subfield code="d">2025-08-05</subfield>
    <subfield code="l">0</subfield>
    <subfield code="o">239  &#x646; &#x62F; &#x648;</subfield>
    <subfield code="p">000017228</subfield>
    <subfield code="r">2025-08-05 06:46:49</subfield>
    <subfield code="w">2025-08-05</subfield>
    <subfield code="y">BOOK</subfield>
  </datafield>
  <datafield tag="999" ind1=" " ind2=" ">
    <subfield code="c">10558</subfield>
    <subfield code="d">10558</subfield>
  </datafield>
</record>
